| 000 | 00732cam a2200277 4500 | ||
|---|---|---|---|
| 001 | B1751 | ||
| 008 | 090401t1985 xxu||||| |||| 00| 0 eng d | ||
| 035 | _a(Sirsi) u46222 | ||
| 041 | _aeng | ||
| 050 | _a333.337 | ||
| 110 | _aSt.Quintin | ||
| 245 | _aProperty market overview. - No. 1 (October 1983) - No. 5 (April 1985) | ||
| 260 |
_aLondon _bSt.Quintin _c1983-1985 |
||
| 300 | _a5v. ; 30cm. | ||
| 350 | _a0 | ||
| 520 | _aIssue no.1 missing. Nos 2-5 available. | ||
| 650 | _aINDUSTRIAL PROPERTY | ||
| 650 | _aLONDON | ||
| 650 | _aOFFICES | ||
| 650 | _aPROPERTY COMPANIES | ||
| 650 | _aPROPERTY INVESTMENT | ||
| 650 | _aSHOPS | ||
| 710 |
_aLaing and Cruickshank _92435 |
||
| 942 |
_n0 _2ddc |
||
| 948 | _c04/03/1997 | ||
| 999 |
_c91891 _d91891 |
||